| 000 | 00420nam a2200145Ia 4500 | ||
|---|---|---|---|
| 041 | _aKurdish | ||
| 082 | _a340,1 cut-62 ب | ||
| 100 | _a20260118u\\\\\\\\\\\y0engy0103\\\\ba | ||
| 100 | _aد.عصمت عبد المجيد بكر | ||
| 245 | 0 | _aبنەماکانى توێژینەوەى یاسایى | |
| 250 | _aچ1 | ||
| 260 |
_bچاپخانەیى چوارچرا _aسلێمانى _c2017 |
||
| 300 | _a98 | ||
| 942 | _cBk | ||
| 999 |
_c187539 _d187539 |
||